COMPENDIO DE HISTORIA DE ESPAÑA /

I tiakina i:
Ngā taipitopito rārangi puna kōrero
Kaituhi matua: Pérez Bustamante, Ciriaco (autor)
Hōputu: Pukapuka
Putanga:3a edición
Ngā marau:
Ngā Tūtohu: Tāpirihia he Tūtohu
Kāore He Tūtohu, Me noho koe te mea tuatahi ki te tūtohu i tēnei pūkete!

MARC

LEADER 00000nam^a2200000^a^4500
001 000233888
005 20250521000000.0
009 20260310104703.831
035 |a 056762 
037 |a Acervo Xavier Clavigero 
082 |a 946.  |b PER 
100 |a Pérez Bustamante, Ciriaco  |e (autor) 
245 1 0 |a COMPENDIO DE HISTORIA DE ESPAÑA /  |c C. PEREZ BUSTAMANTE 
250 |a 3a edición 
264 |a MADRID :  |b IBIZA,  |c 1946 
300 |a 670 p. 
336 |a texto  |b txt  |2 rdacontenido 
337 |a sin mediación  |b n  |2 rdamedio 
338 |a volumen  |b nc  |2 rdasoporte 
649 |a XX 
650 |a España -  |x Historia 
910 |a Fondo General 
920 |a Impresos - Libros 
930 |a Colección General 
905 |a 101 
901 |a 056762  |b IT1  |c ACC  |i 056762  |u 20250521 
902 |a https://opac.biblio.iteso.mx/vufind/Record/000233888